| 000 | 00620nam a22002057a 4500 | ||
|---|---|---|---|
| 005 | 20251108165928.0 | ||
| 008 | 250721s1999 xx 000 0 ara d | ||
| 082 | 1 | 4 | _a380.1/علي |
| 100 | 1 | _aعلي، حسين | |
| 245 | 1 | 0 | _aالدراسات التسويقية و نظم المعلومات التسويق / |
| 264 | 1 |
_aدمشق : _bدار الرضا، _c1999. |
|
| 300 | _a158ص. | ||
| 650 | 1 | 7 | _aالتسويق |
| 650 | 1 | 7 | _aإدارة المبيعات |
| 650 | 1 | 7 | _aالتسويق الصناعي |
| 650 | 1 | 7 | _aدراسات السوق |
| 700 | 1 | _aعبود، طلال | |
| 942 |
_2ddc _cBK |
||
| 999 |
_c35097 _d35097 |
||